000 00481nam a2200169Ia 4500
003 GCL
008 140319s9999 xx 000 0 eng d
040 _aGCL /
_cGCL
082 0 4 _a811.509
_bP M
100 1 _aPERELMAN, BOB
245 1 0 _aTHE MARGINALIZATION OF POETRY: LANGUAGE WRITING AND LITERACY HISTORY /
_cPERELMAN, BOB
260 _a[S.N] :
_bPRINCETON UNIVERSITY PRESS ،
_c1996
300 _a187 P
650 0 4 _aCRITICISM
650 0 4 _aAMERICAN POETRY
942 _2ddc
_cBK
999 _c13979
_d13979